Music Quiz

Random Music or Song Quiz

Name the Dutch disney song lyrics 5 Quiz Stats

 Plays Quiz not verified by Sporcle

Score 0/132 Timer 10:00
0 Plays Today
% Correct
de
80.6%
de
80.6%
Is
80.6%
de
80.6%
is
80.6%
de
80.6%
de
80.6%
is
80.6%
de
80.6%
de
80.6%
het
76.7%
Het
76.7%
het
76.7%
't
76.7%
het
76.7%
Het
76.7%
het
76.7%
een
75.7%
in
68%
In
68%
In
68%
In
68%
In
68%
dat
58.3%
je
58.3%
je
58.3%
je
58.3%
je
58.3%
je
58.3%
je
58.3%
al
58.3%
zijn
58.3%
zijn
58.3%
Op
57.3%
van
57.3%
op
57.3%
wij
57.3%
op
57.3%
wij
57.3%
Van
57.3%
op
57.3%
wij
57.3%
op
57.3%
wij
57.3%
% Correct
van
57.3%
op
57.3%
En
55.3%
En
55.3%
dag
49.5%
die
49.5%
die
49.5%
die
49.5%
er
48.5%
te
48.5%
te
48.5%
te
48.5%
te
48.5%
dan
47.6%
dan
47.6%
wereld
45.6%
leven
45.6%
leven
45.6%
leven
45.6%
ons
43.7%
ons
43.7%
ons
43.7%
ons
43.7%
ons
43.7%
zon
40.8%
zon
40.8%
ooit
39.8%
ooit
39.8%
aard'
39.8%
aard'
39.8%
licht
37.9%
zien
37.9%
zien
37.9%
komt
36.9%
doen
36.9%
ter
35.9%
kan
35.9%
meer
34%
Meer
34%
kringloop
34%
kringloop
34%
kringloop
34%
kringloop
34%
Maar
32%
% Correct
kon
31.1%
Met
30.1%
Hebben
30.1%
hebben
30.1%
kijkt
29.1%
haar
29.1%
veel
28.2%
veel
28.2%
kunnen
28.2%
kunnen
28.2%
iemand
27.2%
onze
27.2%
onze
27.2%
bestaan
25.2%
bestaan
25.2%
allen
24.3%
allen
24.3%
zoek
22.3%
Totdat
22.3%
vinden
22.3%
zoek
22.3%
Totdat
22.3%
vinden
22.3%
klein
21.4%
wel
21.4%
plek
21.4%
plek
21.4%
voelt
20.4%
gloed
19.4%
misschien
18.4%
kort
18.4%
kort
18.4%
lijkt
17.5%
zonder
17.5%
reis
16.5%
raden
15.5%
stralende
15.5%
stuurt
15.5%
eind
15.5%
voortbeweegt
15.5%
voortbeweegt
15.5%
vooral
14.6%
voedt
14.6%
haast
13.6%

You're not logged in!

Compare scores with friends on all Sporcle quizzes.
OR
Log In

Show Comments

Extras

Top Quizzes Today


Score Distribution

Your Account Isn't Verified!

In order to create a playlist on Sporcle, you need to verify the email address you used during registration. Go to your Sporcle Settings to finish the process.

Report this User

Report this user for behavior that violates our Community Guidelines.

Details: